Uneasy encounters : the politics of medicine and health in China, 1900-1937 (Record no. 86156)

MARC details
000 -LEADER
fixed length control field 00842nam a2200265Ia 4500
008 - FIXED-LENGTH DATA ELEMENTS--GENERAL INFORMATION
fixed length control field 191130s2009##################000#0#eng##
020 ## - INTERNATIONAL STANDARD BOOK NUMBER
ISBN 9783631578032
082 ## - DEWEY DECIMAL CLASSIFICATION NUMBER
Classification number 362.10951BOR
245 ## - TITLE STATEMENT
Title Uneasy encounters : the politics of medicine and health in China, 1900-1937
Statement of responsibility, etc Iris Borowy (ed.)
260 ## - PUBLICATION, DISTRIBUTION, ETC. (IMPRINT)
Place of publication Bern
Name of publisher Peter Lang
Year of publication c2009
300 ## - PHYSICAL DESCRIPTION
Number of Pages 230 p. : ill., map ; 21 cm
500 ## - GENERAL NOTE
General note Includes bibliographical references
650 ## - SUBJECT ADDED ENTRY--TOPICAL TERM
Topical Term China
Topical Term Gesundheitswesen
Topical Term Health Policy - history - China
Topical Term History of Medicine - China
Topical Term History, 20th Century - China
Topical Term International Cooperation - history - China
700 ## - ADDED ENTRY--PERSONAL NAME
Personal name Borowy, Iris
991 ## -
-- 279088
Holdings
Withdrawn status Lost status Damaged status Not for loan Home library Current library Shelving location Date acquired Full call number Accession Number Price effective from Koha item type
        Anna Centenary Library Anna Centenary Library 4TH FLOOR, A WING 09.10.2020 362.10951BOR 219061 09.10.2020 English Books

Find us on the map